Names of European countries in their official languages - Statistics

General Stats
  • This quiz has been taken 424 times
    208 since last reset
  • The average score is 40 of 70
Answer Stats
Country Language Country's name in that language % Correct
United Kingdom English United Kingdom
87%
Italy Italian Italia
86%
Germany German Deutschland
85%
France French France
85%
English Ireland
84%
Malta Maltese Malta
83%
English Malta
83%
Austria German Österreich
82%
Spain Spanish España
81%
Andorra Catalan Andorra
80%
Monaco French Monaco
80%
French Luxembourg
78%
Liechtenstein German Liechtenstein
75%
San Marino Italian San Marino
75%
Finland Finnish Suomi
75%
Poland Polish Polska
74%
Portugal Portuguese Portugal
74%
Netherlands Dutch Nederland
73%
Romania Romanian România
73%
Belarus Belarusian Беларусь (Byelarus’)
72%
Moldova Romanian Moldova
72%
Belgium Dutch België
71%
Serbian Косово (Kosovo)
70%
Russian Беларусь / Белоруссия (Belarus’ / Belorussiya)
69%
Ireland Irish Éire
69%
Switzerland German Schweiz
68%
Denmark Danish Danmark
67%
Iceland Icelandic Ísland
67%
Croatia Croatian Hrvatska
65%
Norway Norwegian Bokmål Norge
65%
Bulgaria Bulgarian България (Bâlgariya)
64%
French Belgique
62%
French Suisse
62%
Estonia Estonian Eesti
61%
Turkey Turkish Türkiye
61%
Russian Казахстан (Kazakhstan)
58%
German Luxemburg
58%
Sweden Swedish Sverige
58%
Russia Russian Россия (Rossiya)
57%
Swedish Finland
56%
Italian Vaticano / Città del Vaticano
56%
German Belgien
53%
Czech Republic Czech Česká republika / Česko
52%
Slovakia Slovak Slovenská republika / Slovensko
50%
Kosovo Albanian Kosovë / Kosova
49%
Lithuania Lithuanian Lietuva
49%
Montenegro Montenegrin Crna Gora (Црна Гора)
47%
Slovenia Slovene Slovenija
47%
Greece Greek Ελλάδα (Elláda)
46%
Cyprus Greek Κύπρος (Kýpros)
46%
Hungary Hungarian Magyarország
46%
Serbia Serbian Србија (Srbija)
46%
Armenia Armenian Հայաստան (Hayastan)
44%
Latvia Latvian Latvija
44%
Kazakhstan Kazakh Қазақстан (Qazaqstan)
44%
Albania Albanian Shqipëri / Shqipëria
44%
Azerbaijan Azerbaijani Azərbaycan
35%
Italian Svizzera
35%
Ukraine Ukrainian Україна (Ukrayina)
34%
Bosnia and Herzegovina Bosnian Bosna i Hercegovina
33%
Croatian Bosna i Hercegovina
33%
Serbian Босна и Херцеговина (Bosna i Hercegovina)
33%
Luxembourg Luxembourgish Lëtzebuerg
33%
Georgia Georgian საქართველო (Sakartvelo)
33%
Turkish Kıbrıs
31%
North Macedonia Macedonian Северна Македонија (Severna Makedonija)
27%
Vatican City Latin Vaticanus / Civitas Vaticana
24%
Norwegian Nynorsk Noreg
21%
Romansh Svizra
17%
Albanian Maqedoni e Veriut / Maqedonia e Veriut
13%
No matching quizzes found
Score Distribution
Percent of People with Each Score
Percentile by Number Answered
Your Score History
You have not taken this quiz since the last reset